00735nam a2200217 i 4500003000900000005001700009007000300026008004100029020001800070020001800088040003000106082001300136110007800149245006800227264007900295300002600374336002700400337003400427338002800461504002800489DO-SdBNP20230921094614.0ta110413s2022 dr 000 0 spa d a9789945621761 a9789945621778 aDO-SdBNPbspacBNPHUerda bR4262221 aRepública DominicanabMinisterio de Salud Pública y Asistencia Social10aPerfil de salud del adulto mayor de la República Dominicana / aSanto Domingo :bMinisterio de Salud Pública y Asistencia Social,c2022. a71 páginas c27 cm. 2rdacontentatextobtxt 2rdamediaasin mediación bn 2rdacarrieravolumenbnc aBibliografía p: 65-67